000 00212nam a22001097a 4500
040 _cSK
082 _a630
100 _aKHOV KOUNG
245 _aBiological of coastal zone
260 _aRUA
_bKHO
_c2010
942 _cKB
999 _c9681
_d9681